|
|
|
|
| LEADER |
01544nam a2200277 a 4500 |
| 001 |
4034774 |
| 008 |
090810s1999 enka b 001 0 eng d |
| 010 |
|
|
|a 98035150
|
| 020 |
|
|
|a 0631211896 (alk. paper)
|
| 020 |
|
|
|a 0631207813 (alk. paper)
|
| 040 |
|
|
|a DLC
|c DLC
|d DLC
|
| 082 |
0 |
0 |
|a 519.5
|2 21
|
| 100 |
1 |
|
|a Soper, Jean.
|
| 245 |
1 |
0 |
|a Mathematics for economics and business :
|b an interactive introduction /
|c Jean Soper.
|
| 260 |
|
|
|a Oxford, UK ;
|a Malden, Mass. :
|b Blackwell Publishers,
|c 1999.
|
| 300 |
|
|
|a xx, 294 p. :
|b ill. ;
|c 26 cm.
|
| 504 |
|
|
|a Includes bibliographical references and index.
|
| 541 |
1 |
|
|e 00009094
|
| 650 |
|
0 |
|a Economics, Mathematical.
|
| 650 |
|
0 |
|a Business mathematics.
|
| 852 |
4 |
|
|a Ayesha Abed Library
|j General shelf
|
| 999 |
|
|
|c 3116
|d 3116
|
| 952 |
|
|
|0 0
|1 0
|2 ddc
|4 1
|6 519_500000000000000_SOP_1999
|7 0
|9 2824
|a BRACUL
|b BRACUL
|c SPS
|d 2009-08-30
|g 0.00
|l 1
|m 6
|o 519.5 SOP
|p 3010009094
|r 2016-10-17
|s 2016-09-01
|t 3
|w 2009-08-30
|y BK
|x No price found in the accession register.
|
| 952 |
|
|
|0 0
|1 0
|2 ddc
|4 1
|6 519_500000000000000_SOP_1999
|7 0
|9 11113
|a BRACUL
|b BRACUL
|c SPS
|d 2010-06-20
|l 1
|m 3
|o 519.5 SOP
|p 3010009090
|r 2013-10-02
|s 2013-09-04
|t 1
|w 2010-06-20
|y BK
|
| 952 |
|
|
|0 0
|1 0
|2 ddc
|4 1
|6 519_500000000000000_SOP_1999
|7 0
|9 11116
|a BRACUL
|b BRACUL
|c SPS
|d 2010-06-20
|l 1
|m 6
|o 519.5 SOP
|p 3010009093
|r 2017-10-12
|s 2017-09-14
|t 2
|w 2010-06-20
|y BK
|
| 952 |
|
|
|0 0
|1 0
|2 ddc
|4 1
|6 519_500000000000000_SOP
|7 0
|9 11194
|a BRACUL
|b BRACUL
|c SPS
|d 2010-06-22
|l 0
|o 519.5 SOP
|p 3010012672
|r 2010-06-22
|t 4
|w 2010-06-22
|y BK
|x Photocopy Book. Declared as Damaged on December 10, 2023
|